000 00448nam a2200181Ia 4500
001 4163
005 20260306145735.0
008 260306t2004||||xx |||||||||||||| ||spa||
041 _aESP
082 _a307.2416
_bD59
100 _aAnsión, Juan ( Coord.)
_eAUT
245 0 _aDesarrollo humano entre el mundo rural y urbano
260 _c2004
300 _a318 páginas :
_c24 cm.
650 _aGEN
654 _aCAU
942 _cLIB
_dJUS
_fJUS
_2ddc
_n
999 _c4163
_d4163